000
00278nam a2200109 4500
008
160624b xxu||||| |||| 00| 0 eng d
100
_9
892
_a
Young Scientist
245
_a
Using Energy
260
_a
Lon
_b
World Book International
_c
1990
300
_a
Using Energy
942
_2
ddc
_c
BK
999
_c
706
_d
706